000 01064nam a22003137a 4500
003 CHAP
005 20220329141034.0
008 971013s1994 r 00010 d
010 _a61681
011 _a62653
035 _a66828
040 _cCHAP
090 _aTesis
100 0 0 _aPanzo Panzo, José.
_985147
245 _aEvaluación financiera para la engorda de trucha (Salmo gairdneri) en Tehuipango, Veracruz
260 _aChapingo, Méx. :
_bEl autor,
_c1994
300 _a87 h.
502 _aTesis (Ing. Agr. Esp. en Economía Agrícola) -- UACH. Departamento de Economía Agrícola
590 _aALEPH
_b10
_c20130110
_lUCH01
_h1343
590 _aBATCH-UPD
_b10
_c20130110
_lUCH01
_h0558
590 _aBATCH-UPD
_b10
_c20130410
_lUCH01
_h0239
590 _aBATCH-UPD
_b10
_c20130914
_lUCH01
_h1857
590 _aCONVERSION
_b10
_c20130109
_lUCH01
_h1333
650 1 4 _aTrucha
_xAlimentación.
_9115344
901 _aBK
942 _cFOLL
949 _bBC
_cTES
_d-152077
_eTS1
_h30879
_i66828
_si
949 _bBC
_cTES
_d33724000635074
_eTS2
_fc.2
_h30880
_i66828
_si
999 _c61681
_d61681